Vangoghinte kamuki(വാൻ ഗോഗിൻെറ കാമുകി) (Record no. 115282)
[ view plain ]
| 000 -LEADER | |
|---|---|
| fixed length control field | 00449 a2200157 4500 |
| 005 - DATE AND TIME OF LATEST TRANSACTION | |
| control field | 20260413152513.0 |
| 008 - FIXED-LENGTH DATA ELEMENTS--GENERAL INFORMATION | |
| fixed length control field | 260413b |||||||| |||| 00| 0 eng d |
| 020 ## - INTERNATIONAL STANDARD BOOK NUMBER | |
| International Standard Book Number | 9789354824074 |
| 080 ## - UNIVERSAL DECIMAL CLASSIFICATION NUMBER | |
| Universal Decimal Classification number | FM |
| Item number | JAC/V |
| 100 ## - MAIN ENTRY--PERSONAL NAME | |
| Personal name | Jacob Abraham |
| 245 ## - TITLE STATEMENT | |
| Title | Vangoghinte kamuki(വാൻ ഗോഗിൻെറ കാമുകി) |
| 260 ## - PUBLICATION, DISTRIBUTION, ETC. (IMPRINT) | |
| Name of publisher, distributor, etc | D C books. |
| Place of publication, distribution, etc | Kottayam. |
| Date of publication, distribution, etc | 2025. |
| 300 ## - PHYSICAL DESCRIPTION | |
| Extent | 190p. |
| 653 ## - INDEX TERM--UNCONTROLLED | |
| Uncontrolled term | Fiction-Novel-Malayalam Literature |
| 942 ## - ADDED ENTRY ELEMENTS (KOHA) | |
| item type | Under processing |
| Lost status | Source of classification or shelving scheme | Not for loan | Home library | Current library | Date acquired | Cost, normal purchase price | Total Checkouts | Full call number | Barcode | Date last seen | Cost, replacement price | Price effective from | Koha item type | Public note |
|---|---|---|---|---|---|---|---|---|---|---|---|---|---|---|
| Universal Decimal Classification | Not For Loan | University Library | University Library | 27/02/2026 | 166.68 | FM JAC/V | 00097361 | 27/02/2026 | 250.00 | 27/02/2026 | Books | Processing |
